| 000 | 00538nam a2200181Ia 4500 | ||
|---|---|---|---|
| 008 | 191130s2009##################000#0#eng## | ||
| 020 | _a9788130911076 | ||
| 040 |
_aACL _cACL |
||
| 082 | _a420.9 LET | ||
| 100 | _aLethaby, Carol | ||
| 245 |
_aJust grammar elementary _cCarol Lethaby, Ana Acevedo, Jeremy Harmer, with cheryl pelteret |
||
| 260 |
_aChennai _bViva Books Private Limited _c2009 |
||
| 300 | _a88 p. :( col). ill | ||
| 650 | _aGrammar | ||
| 990 | _a587d78deac10000c0226af6434b16f09 | ||
| 991 | _a27044 | ||
| 999 |
_c224860 _d224860 |
||